zpět

Detail výsledku týmu

Bartolomějka, Kolín

Datum a čas kvízu

12 Celkem bodů Celkový počet nahraných bodů na tomto kvízu bez doplňovacích otázek.
8. Pořadí na kvízu Konečné umístění týmu na tomto kvízu.

Zaznamenané odpovědi

# Otázka Odpověď Body Výsledky
1. Zlidovělý výraz Andreje Babiše... 0.5
2. Francouzský prezident Emmanuel... 0
3. Letošní největší výstava Muzea... 0
4. Desítky nových "hackerů" ročně... 0
5. Vedení české extraligy v jisté... 0
6. Košile patří k základním typům... 1
7. Dámská obdoba košile se nejčas... 1
8. Paramilitární křídlo italských... 1
9. Balada Svatební košile je souč... 0.5
10. Polotriko, zkráceně polo, je j... 1